000 00803nam a2200253Ia 4500
003 OSt
005 20220923220832.0
006 a|||||r|||| 00| 0
007 ta
008 220922b |||||||| |||| 00| 0 hin d
024 _a191,149
037 _cTextual
040 _aARTS
_cARTS
_bhin
041 _2hin
_ahin
082 _aVv, 152M4
100 _aवर्मा, लाल बहादुर
245 0 _aइतिहास के बारे में
246 _aItihās ke bāre mean
260 _aनई दिल्ली
_b प्रकाशन संस्थान
_c1984
300 _a107पृ.
_ccm.
650 _aविश्व-इतिहास
942 _hVv, 152M4
_cTEXL
_2CC
999 _c343868
_d343868